[Event "8th Parsvnath Open"]
[Site "New Delhi IND"]
[Date "2010.01.14"]
[Round "1"]
[White "Dimakiling, O."]
[Black "Tirth Bahadur, BK."]
[Result "1-0"]
[WhiteElo "2435"]
[BlackElo "1819"]
[PlyCount "61"]
[EventDate "2010.01.14"]
[EventRounds "11"]
[EventCountry "IND"]
[Source "Mark Crowther"]
[SourceDate "2009.06.15"]

1. d4 e6 2. e4 Nf6 3. Bd3 b6 4. e5 Nd5 5. c4 Bb4+ 6. Bd2 Bxd2+ 7. Qxd2 Ne7 8.
Be4 c6 9. Nc3 a6 10. Nf3 Bb7 11. h4 d5 12. exd6 Qxd6 13. Qg5 f5 14. Bc2 g6 15.
O-O-O Nd7 16. Rhe1 O-O-O 17. c5 bxc5 18. dxc5 Qxc5 19. Na4 Qb4 20. a3 h6 21.
Qe3 Qg4 22. Rxd7 Rxd7 23. Nb6+ Kc7 24. Nxd7 Nd5 25. Qe5+ Kxd7 26. Qxh8 Qxg2 27.
Qg7+ Kd6 28. Ne5 Bc8 29. b4 c5 30. Nc4+ Kc6 31. Ba4# 1-0

[Event "Pavlodar Open 2013"]
[Site "Pavlodar KAZ"]
[Date "2013.12.10"]
[Round "1.38"]
[White "Dusentegi, Tanat"]
[Black "Kandaurov, Viktor"]
[Result "1-0"]
[WhiteElo "2201"]
[BlackElo "1605"]
[PlyCount "41"]
[EventDate "2013.12.10"]
[EventType "swiss"]
[EventRounds "10"]
[EventCountry "KAZ"]
[Source "Mark Crowther"]
[SourceDate "2013.12.16"]

1. e4 e6 2. d4 Nf6 3. e5 Nd5 4. c4 Nb6 5. Nc3 a6 6. Nh3 Nc6 7. c5 Nd5 8. Ng5 h6
9. Nxf7 Kxf7 10. Qf3+ Nf6 11. Be3 d5 12. O-O-O Be7 13. Bd3 Ke8 14. Bg6+ Kd7 15.
exf6 Bxf6 16. Nxd5 Rf8 17. Qg4 Bg5 18. f4 Be7 19. Nc3 Rf6 20. d5 Rxg6 21. dxe6+
1-0

[Event "Zone 4.2 2013"]
[Site "Cairo EGY"]
[Date "2013.05.01"]
[Round "2.1"]
[White "Yousry, S."]
[Black "Ndikumana, Yves"]
[Result "1-0"]
[WhiteElo "2297"]
[BlackElo "2088"]
[PlyCount "57"]
[EventDate "2013.04.30"]
[EventType "tourn"]
[EventRounds "9"]
[EventCountry "EGY"]
[EventCategory "2"]
[Source "Mark Crowther"]
[SourceDate "2013.05.06"]

1. e4 e6 2. d4 Nf6 3. e5 Nd5 4. Nf3 c5 5. c4 Nc7 6. dxc5 Bxc5 7. Bd3 h6 8. O-O
Nc6 9. Nc3 d5 10. Qe2 Qe7 11. a3 Nd4 12. Nxd4 Bxd4 13. Bd2 Bxc3 14. Bxc3 a5 15.
Rfd1 Bd7 16. Rac1 Ba4 17. Re1 Bc6 18. Qd2 dxc4 19. Bxc4 Rd8 20. Qf4 b5 21. Bf1
Nd5 22. Qg4 b4 23. Bd4 Kd7 24. Red1 Qg5 25. Qe2 Rc8 26. Qa6 Rc7 27. Rxc6 Rxc6
28. Bb5 Rhc8 29. Qb7+ 1-0

[Event "Liburnija Open 2014"]
[Site "Rijeka CRO"]
[Date "2014.05.20"]
[Round "1.1"]
[White "Loncar, R."]
[Black "Zrilic, B."]
[Result "1-0"]
[WhiteElo "2371"]
[BlackElo "1933"]
[PlyCount "63"]
[EventDate "2014.05.20"]
[EventType "swiss"]
[EventRounds "9"]
[EventCountry "CRO"]
[Source "Mark Crowther"]
[SourceDate "2014.05.26"]

1. d4 e6 2. e4 Nf6 3. e5 Nd5 4. c4 Nb6 5. Nc3 d6 6. exd6 cxd6 7. Nf3 Be7 8. Bd3
N8d7 9. O-O Nf6 10. Re1 h6 11. Bf4 a6 12. a4 d5 13. c5 Nbd7 14. h3 O-O 15. b4
Re8 16. b5 Qa5 17. Qc2 Nb8 18. b6 Nc6 19. Bd2 Nxd4 20. Nxd4 Qxc5 21. Nb3 Qxb6
22. a5 Qd8 23. Na4 Bd7 24. Nb6 Rb8 25. Bf4 Bb4 26. Bxb8 Qxb8 27. Nxd7 Nxd7 28.
Rec1 Ne5 29. Be2 Bd6 30. Nd4 Qd8 31. Nf3 Nc6 32. Qa4 1-0

[Event "41st Olympiad Open 2014"]
[Site "Tromso NOR"]
[Date "2014.08.02"]
[Round "1.58"]
[White "Khatanbaatar, B."]
[Black "Al Habeeb, Emad"]
[Result "1-0"]
[WhiteElo "2390"]
[BlackElo "2044"]
[PlyCount "47"]
[EventDate "2014.08.02"]
[EventType "team"]
[EventRounds "11"]
[EventCountry "NOR"]
[Source "Mark Crowther"]
[SourceDate "2014.08.04"]
[WhiteTeam "Mongolia"]
[BlackTeam "Saudi Arabia"]
[WhiteTeamCountry "MGL"]
[BlackTeamCountry "SAU"]

1. e4 e6 2. d4 Nf6 3. e5 Nd5 4. c4 Bb4+ 5. Nd2 Nf4 6. Qg4 Ng6 7. h4 h5 8. Qg3
Nc6 9. Ngf3 d5 10. c5 a6 11. Bd3 Nce7 12. O-O c6 13. Nb3 Ba5 14. Bg5 Qc7 15.
Bxe7 Nxe7 16. Qxg7 Rf8 17. Ng5 Rg8 18. Qxf7+ Kd8 19. Nxe6+ Bxe6 20. Qxe6 b6 21.
Rfc1 Qd7 22. Qd6 Rc8 23. e6 Qxd6 24. cxd6 1-0

[Event "41st ch-IND w 2014"]
[Site "Sangli IND"]
[Date "2014.10.26"]
[Round "2.5"]
[White "Mohota, N."]
[Black "Swathi, G."]
[Result "1-0"]
[WhiteElo "2271"]
[BlackElo "2232"]
[PlyCount "49"]
[EventDate "2014.10.25"]
[EventType "tourn"]
[EventRounds "11"]
[EventCountry "IND"]
[Source "Mark Crowther"]
[SourceDate "2014.10.27"]

1. d4 e6 2. e4 Nf6 3. e5 Nd5 4. Nf3 d6 5. Be2 Be7 6. O-O O-O 7. c4 Nb6 8. Nc3
Nc6 9. Be3 Nd7 10. exd6 cxd6 11. Rc1 Nf6 12. d5 Nb8 13. h3 Na6 14. Nb5 Nc7 15.
dxe6 Bxe6 16. Nfd4 Nxb5 17. Nxb5 a6 18. Nd4 Bd7 19. Bf3 Rb8 20. Qd2 Re8 21.
Rfd1 Bf8 22. Qd3 Qa5 23. Bf4 Qxa2 24. Ra1 Qxb2 25. Rdb1 1-0

[Event "ch-ROU w 2016"]
[Site "Olanesti ROU"]
[Date "2016.04.09"]
[Round "8.2"]
[White "Dragomirescu, An"]
[Black "Sandu, Mi"]
[Result "1/2-1/2"]
[WhiteElo "2192"]
[BlackElo "2224"]
[PlyCount "31"]
[EventDate "2016.04.02"]
[EventType "swiss"]
[EventRounds "9"]
[EventCountry "ROM"]
[Source "Mark Crowther"]
[SourceDate "2016.04.11"]
[WhiteTeamCountry "KAZ"]
[BlackTeamCountry "VIE"]

1. d4 Nf6 2. e4 e6 3. Bg5 h6 4. Bxf6 Qxf6 5. c3 c5 6. Nf3 Nc6 7. Be2 cxd4 8.
cxd4 Bb4+ 9. Nc3 d6 10. O-O O-O 11. Rc1 Rd8 12. a3 Bxc3 13. Rxc3 Bd7 14. Qd2
Rac8 15. Rfc1 a6 16. Bd1 1/2-1/2

[Event "Maringa BRA, Open 2011"]
[Site "Maringa BRA"]
[Date "2011.12.19"]
[Round "4.1"]
[White "Martins, Carlos"]
[Black "Da Silva, Lucas Henrique"]
[Result "1-0"]
[WhiteElo "2257"]
[BlackElo "2083"]
[EventDate "2011.12.17"]

1. e4 e6 2. d4 Nf6 3. Bg5 h6 4. Bxf6 gxf6 5. Nc3 b6 6. g3 Bb7 7. Bg2 Bb4 
8. Ne2 d5 9. O-O c6 10. Nf4 Bxc3 11. bxc3 Na6 12. exd5 cxd5 13. Qg4 Qd7 
14. Qg7 O-O-O 15. Qxf6 Kb8 16. Nd3 Rdf8 17. Ne5 Qc8 18. a4 Ka8 19. Ra3 Nc7
20. Qe7 Rh7 21. a5 Re8 22. Qb4 b5 23. a6 Nxa6 24. Qxb5 f6 25. Nd3 Rc7 26. 
Rfa1 Rxc3 27. Rxc3 Qxc3 28. Qxe8+ Nb8 29. Qa4 a6 30. Rb1 Qc7 31. Nc5 1-0

[Event "ch-RSA 2019"]
[Site "Cape Town RSA"]
[Date "2019.12.14"]
[Round "8.6"]
[White "Khumalo,Keith"]
[Black "Barrish,Daniel"]
[Result "1/2-1/2"]
[BlackElo "2363"]
[BlackFideId "14304600"]
[BlackTitle "FM"]
[EventDate "2019.12.07"]
[WhiteElo "2148"]
[WhiteFideId "14319470"]
[WhiteTitle "CM"]

1. d4 Nf6 2. e4 e6 3. Nf3 d5 4. c4 Bb4+ 5. Bd2 Be7 6. Be2 O-O 7. O-O Nbd7
8. Qc2 Nxe4 9. cxd5 exd5 10. Nc3 Nxd2 11. Nxd2 c6 12. Rab1 a5 13. a3 Nb6
14. Rfd1 Be6 15. Rbc1 a4 16. Nf1 Qd7 17. Ne3 f5 18. f4 g5 19. Nf1 g4 20. g3 Rfc8
21. Nd2 c5 22. Bf1 c4 23. Kf2 Kg7 24. Bg2 h5 25. h3 Bf6 26. Rh1 Rh8 27. Rcg1 Kf7
28. Nf1 Rag8 29. Rh2 h4 30. Rgh1 hxg3+ 31. Nxg3 Bh4 32. hxg4 Rxg4 33. Rh3 Qd8
34. Ne2 Nc8 35. Bf3 Rgg8 36. Kf1 Bxg3 37. Nxg3 Nd6 38. Rh7+ Rxh7 39. Rxh7+ Kf8
40. Qh2 Qf6 41. Rh6 Qe7 42. Rh7 Nf7 43. Bh5 c3 44. bxc3 Qxa3 45. Bxf7 Qc1+
46. Kf2 Qc2+ 47. Ne2 Bxf7 48. Qh6+ Ke8 49. Qf6 Rg2+ 50. Kxg2 Qxe2+ 51. Kh1 Qf3+
52. Kh2 Qf2+ 53. Kh1 Qf3+
1/2-1/2

[Event "12th Chennai Open 2020"]
[Site "Chennai IND"]
[Date "2020.01.24"]
[Round "9.18"]
[White "Karthik,V4"]
[Black "Saravanan,V1"]
[Result "0-1"]
[BlackElo "2325"]
[BlackFideId "5000580"]
[BlackTitle "IM"]
[EventDate "2020.01.18"]
[WhiteElo "2479"]
[WhiteFideId "25006479"]
[WhiteTitle "GM"]

1. e4 e6 2. d4 Nf6 3. Nc3 d5 4. e5 Nfd7 5. f4 c5 6. Nf3 Nc6 7. Be3 Be7
8. Qd2 O-O 9. dxc5 Nxc5 10. O-O-O a6 11. h4 b5 12. Bd3 b4 13. Bxc5 Bxc5
14. Bxh7+ Kxh7 15. Ng5+ Kg8 16. Qe2 g6 17. h5 Ra7 18. Nce4 dxe4 19. Rxd8 Rxd8
20. Nxe4 Be7 21. Qg4 Kg7 22. hxg6 fxg6 23. Qh3 Rg8 24. Ng5 Bxg5 25. fxg5 Ne7
26. Rf1 Rh8 27. Rf7+ Kxf7 28. Qxh8 Rc7 29. Qf6+ Ke8 30. Qf4 a5 31. a3 bxa3
32. Qa4+ Bd7 33. Qxa3 a4 34. Qb4 Rc8 35. Kb1 Bc6 36. Qg4 Nf5 37. Qc4 Bd7
38. Qb4 Ne7 39. g3 Nf5 40. Qe4 Rc5 41. Qa8+ Rc8 42. Qh1 Bc6 43. Qh8+ Kd7
44. Qh7+ Ne7 45. Qh4 Rf8 46. Qd4+ Ke8 47. Ka2 Rf5 48. g4 Rf3 49. c3 Rf1
50. c4 Re1 51. Qd6 Kf7 52. b4 axb3+ 53. Kxb3 Re4 54. Qb8 Rxg4 55. Qh8 Rf4
56. Kc3 Bb7 57. Kb3 Ba6 58. c5 Bb7 59. Qh7+ Ke8 60. Qh8+ Rf8 61. Qh4 Rf5
62. Ka3 Bd5 63. Qa4+ Nc6 64. Qh4 Nxe5 65. Qh8+ Kd7 66. Qg7+ Kc6 67. Qe7 Kb5
68. Qe8+ Kxc5 69. Qe7+
0-1

[Event "II Liga Sjever/2007 - Seniorke"]
[Date "2007.09.08"]
[Round "6.1"]
[White "Lakos, Nikoletta"]
[Black "Popov, Radmila"]
[Result "1-0"]
[BlackElo "2001"]
[EventDate "2007.09.06"]
[PlyCount "67"]
[WhiteElo "2318"]

1. e4 e6 2. d4 Nf6 3. Bd3 d5 4. e5 Nfd7 5. c3 c5 6. Ne2 Nc6 7. Nd2 a6 8. O-O Qb6
9. Nf3 cxd4 10. cxd4 Be7 11. b3 h6 12. Bb1 Qd8 13. Nf4 b5 14. Nh5 Bf8
15. Be3 Bb7 16. a3 g6 17. Nf4 Ne7 18. Qd2 Bg7 19. Ne2 Qb6 20. Rc1 Rc8
21. Rxc8+ Bxc8 22. Bd3 h5 23. Bg5 Nf5 24. a4 b4 25. a5 Qa7 26. Qxb4 f6
27. exf6 Bxf6 28. Bxf5 gxf5 29. Qd6 Kf7 30. Rc1 Qb7 31. Ne5+ Bxe5 32. Qe7+ Kg6
33. dxe5 Rh7 34. Nf4#
1-0

[Event "SZFO-2008"]
[Date "2008.03.22"]
[Round "2"]
[White "Maximov, Igor"]
[Black "Vlassow, Valentin"]
[Result "1-0"]
[BlackElo "2373"]
[EventDate "2008.03.21"]
[PlyCount "71"]
[WhiteElo "2116"]

1. e4 e6 2. d4 Nf6 3. e5 Nd5 4. Nf3 d6 5. c4 Ne7 6. exd6 cxd6 7. Nc3 d5
8. Bf4 Ng6 9. Bg3 Bb4 10. Bd3 dxc4 11. Bxc4 O-O 12. O-O Nd7 13. a3 Bxc3
14. bxc3 Nb6 15. Ba2 Bd7 16. Qd3 Rc8 17. Rac1 Bc6 18. Rfd1 Qf6 19. Ne5 Nxe5
20. Bxe5 Qg6 21. Qf1 Be4 22. f3 Bc6 23. c4 Rfd8 24. Rd2 Nd7 25. Bg3 Nf6
26. d5 Bd7 27. d6 Nh5 28. Bf2 Qg5 29. Qe1 b6 30. Kh1 Nf6 31. Bb1 Rc6 32. Rd4 Bc8
33. Rcd1 Ba6 34. Bh4 Qh6 35. Bxf6 gxf6 36. Rh4
1-0

[Event "XI Ketrzynski Festiwal Szachowy - A"]
[Date "2008.12.27"]
[Round "1.5"]
[White "Kempinski, Tomasz"]
[Black "Panek, Tadeusz"]
[Result "1-0"]
[BlackElo "1955"]
[EventDate "2008.??.??"]
[PlyCount "91"]
[WhiteElo "2268"]

1. e4 e6 2. d4 Nf6 3. Bd3 c5 4. c3 cxd4 5. cxd4 Nc6 6. Nf3 Nb4 7. O-O Nxd3
8. Qxd3 Be7 9. d5 d6 10. Nc3 Bd7 11. dxe6 fxe6 12. Bf4 e5 13. Bg5 Be6
14. Rfd1 O-O 15. Bxf6 Bxf6 16. Qxd6 Qxd6 17. Rxd6 Rfe8 18. Nd5 Rec8 19. Ne3 g6
20. b3 h6 21. Rad1 Kf7 22. h3 h5 23. g4 Rc3 24. Kg2 Rac8 25. Nd5 Bxd5
26. R1xd5 hxg4 27. hxg4 Rc2 28. g5 Be7 29. Nxe5+ Ke8 30. Re6 R8c7 31. Nxg6 Kf7
32. Rxe7+ Rxe7 33. Nxe7 Kxe7 34. a4 Rc3 35. Rb5 b6 36. a5 bxa5 37. Rxa5 Rxb3
38. Rxa7+ Ke6 39. Ra5 Kf7 40. f3 Kg6 41. Kg3 Rb1 42. Kf4 Rb6 43. Kg4 Re6
44. Rb5 Re7 45. Rb6+ Kg7 46. Kf5
1-0

[Event "Trofej Beograda 2015"]
[Date "2015.11.28"]
[Round "5"]
[White "Djokic, Nebojsa"]
[Black "Sviracevic, Zivko"]
[Result "1-0"]
[BlackElo "1998"]
[EventDate "2015.??.??"]
[PlyCount "51"]
[WhiteElo "2245"]

1. e4 e6 2. d4 Nf6 3. e5 Nd5 4. Nf3 c5 5. c4 Nb6 6. d5 exd5 7. cxd5 d6
8. Nc3 dxe5 9. Nxe5 Bd6 10. Bb5+ N8d7 11. Nxd7 Bxd7 12. Qe2+ Qe7 13. Bxd7+ Kxd7
14. Be3 f5 15. O-O a6 16. Rfe1 Rae8 17. Qc2 Qf6 18. Na4 Nxa4 19. Qxa4+ b5
20. Qa3 Rc8 21. f4 Rc7 22. Qxa6 Re8 23. Bf2 Be5 24. Qe6+ Qxe6 25. dxe6+ Kxe6
26. Rxe5+
1-0

[Event "10 th open"]
[Date "2016.09.02"]
[Round "8.4"]
[White "Pavic, Filip"]
[Black "Matanovic, Luka"]
[Result "1/2-1/2"]
[BlackElo "2210"]
[EventCountry "CRO"]
[EventDate "2016.08.26"]
[EventRounds "9"]
[EventType "swiss"]
[PlyCount "23"]
[WhiteElo "2209"]

1. e4 Nf6 2. d4 e6 3. Nf3 d5 4. g3 Be7 5. Bg2 O-O 6. O-O c6 7. Nc3 Nbd7
8. Bf4 Nh5 9. Bd2 Nhf6 10. Bf4 Nh5 11. Bd2 Nhf6 12. Bf4
1/2-1/2

[Event "AsianSeniorchess2016"]
[Date "2016.11.01"]
[Round "6.5"]
[White "Ismail, Ahmad"]
[Black "Nyi, Nyi Lwin"]
[Result "1/2-1/2"]
[BlackElo "2210"]
[LiveChessVersion "1.4.8"]
[PlyCount "104"]
[WhiteElo "2019"]

1. d4 e6 2. e4 Nf6 3. Bg5 Be7 4. Nd2 d5 5. Bxf6 Bxf6 6. e5 Be7 7. Bd3 c5
8. c3 Nc6 9. Ngf3 cxd4 10. cxd4 Qb6 11. Nb3 Bb4+ 12. Kf1 h6 13. g4 Be7 14. a4 a6
15. Kg2 Nb4 16. h4 Bd7 17. a5 Qa7 18. Qd2 Nxd3 19. Qxd3 O-O-O 20. Rhc1+ Kb8
21. Nc5 Bb5 22. Qe3 g5 23. h5 Rc8 24. b4 Rc7 25. Rc3 Rhc8 26. Ne1 Ka8
27. Nc2 Bxc5 28. Rxc5 Rxc5 29. bxc5 Rf8 30. Nb4 Qb8 31. Rc1 Qc7 32. Qa3 Qe7
33. Qc3 f5 34. gxf5 Rxf5 35. c6 Bc4 36. cxb7+ Qxb7 37. Nd3 g4 38. Nc5 Qf7
39. Qb2 Rxh5 40. Rc3 Rf5 41. Na4 Qc7 42. Nb6+ Ka7 43. Qb4 h5 44. Nxc4 dxc4
45. Kg1 Qb7 46. Qxc4 Rf3 47. Qc5+ Ka8 48. Rc4 Rb3 49. Qf8+ Ka7 50. Qc5+ Ka8
51. Qf8+ Ka7 52. Qc5+ Ka8
1/2-1/2